Arte en la Corporación Provincial / por Lorenzo Jaume Grau d'Etxole
Publicado:
San Jorge, núm. 100 (abril 1977), pàg 44 - 48 :
MARC
| LEADER | 00000nam a2200000Ia 4500 | ||
|---|---|---|---|
| 001 | |||
| 008 | 160829s9999 xx 000 0 cat d | ||
| 100 | |a Grau d'Etxole, Lorenzo Jaume |9 45145 | ||
| 245 | |a Arte en la Corporación Provincial / por Lorenzo Jaume Grau d'Etxole | ||
| 260 | |a San Jorge, núm. 100 (abril 1977), pàg 44 - 48 | ||
| 610 | 1 | 0 | |a Barcelona (Catalunya : Província). |b Diputació |9 52408 |
| 650 | |a Art |9 45531 | ||
| 901 | |a Arxiu | ||
| 942 | |n 1 | ||
| 952 | |0 0 |1 0 |4 0 |7 1 |9 52393 |a Arxiu |b Arxiu |d 2016-12-01 |l 0 |r 2016-12-01 00:00:00 |w 2016-12-01 |y ARXIU | ||
| 999 | |c 56241 |d 56241 | ||